000
00316nam a22001337a 4500
008
171012b xxu||||| |||| 00| 0 eng d
020
_a
9780312101596
041
_a
eng
080
_2
5 ED
_a
316
100
_a
50
101
_a
SOC
245
_a
RESERACH METHODS THE SOCIAL SCIENCES
_c
NACHMIAS.D
942
_2
udc
_c
BK
999
_c
33478
_d
33478